| 000 | 00833nam a2200205Ia 4500 | ||
|---|---|---|---|
| 001 | 12371 | ||
| 003 | GE_BSU | ||
| 008 | 181216s||||||||xx |||||||||||||| ||und|| | ||
| 040 | _cGE_BSU | ||
| 080 | _a638.1(038)+81'374.26:638.1=353.1=161.1 | ||
| 100 | _aმაყაშვილი,ზურაბ. | ||
| 245 | _aმეფუტკრეობის ტერმინოლოგია.Терминология по пчеловодству. | ||
| 245 | _cრედ:რ.ღამბაშიძე; რ.ზავრაშვილი | ||
| 260 | _aთბილისი. | ||
| 260 | _bმეცნიერება. | ||
| 260 | _c1972 | ||
| 300 | _a421გვ;22სმ. | ||
| 653 | _aმეფუტკრეობის ტერმინოლოგია.Терминология по пчеловодству. | ||
| 942 | _cBK | ||
| 999 |
_c45546 _d45546 |
||